00635nam a22002057a 4500003001100000005001700011008004100028020001800069040003900087041000800126082001700134110002100151245004800172260004100220300004100261650003800302650003000340650004000370700001900410LK-CoMWRAF20231213131021.0231213b2009 |||||||| |||| 00| 0 eng d a9789832622284 aLK-CoMWRAFdLK-CoMWRAFeLK-CoMWRAF aeng a297.577bSIS aSisters in Islam aAre Muslim men allowed to beat their wives? aSelangor: bSisters in islam, c2009 a35 p. ; 22 cmbBibliography included aDomestic relations (Islamic law)  aMarriage (Islamic law) |  aMarriage- Religious aspects- Islam  aMasidi, Yasmin